| 000 | 00728nam a2200217 a 4500 | ||
|---|---|---|---|
| 005 | 20210219160043.0 | ||
| 008 | 080623s1977 mx r 000 0 spa d | ||
| 020 | _a923101394 | ||
| 035 | _aUPN01000157399 | ||
| 049 | _aUNE | ||
| 080 | 1 | 4 | _aOC 01 (100) =20 "1970-74" BEA No.3. |
| 100 | 1 | _aBeaudiquez, Marcelle | |
| 245 | 1 | 0 |
_aBibliographical services throughout the world 1970-1974 / _cby Marcelle Beaudiquez. |
| 260 |
_aParís : _bUNESCO, _c1977. |
||
| 300 | _a419 p. | ||
| 440 | 0 |
_aDocumentation, libraries and archives : bibliographies and refernce works ; _v3. |
|
| 690 | _aServicios bibliográficos | ||
| 690 | _aBibliografías nacionales | ||
| 690 | _aInformación - Bibliotecas, cooperación | ||
| 905 | _aUNESCO | ||
| 999 |
_c129513 _d129513 |
||